[Event "MCR mladeze, Kouty 2018 - FIDE Open"]
[Site "Kouty nad Desnou"]
[Date "2018.03.10"]
[Round "1"]
[White "Novotny, Martin"]
[Black "Pycha, Patrik"]
[Result "1/2-1/2"]
[WhiteElo "1832"]
[BlackElo "2119"]
[PlyCount "86"]
[EventDate "2018.03.10"]

1. d4 Nf6 2. Nf3 e6 3. c4 Bb4+ 4. Bd2 a5 5. g3 d6 6. Bg2 Nbd7 7. O-O e5 8. a3
Bxd2 9. Nbxd2 O-O 10. Qc2 Re8 11. e4 exd4 12. Nxd4 Ne5 13. Rac1 c6 14. Nf5 Bxf5
15. exf5 Qb6 16. Ne4 Nxe4 17. Bxe4 Nd7 18. Rcd1 Nf6 19. Bf3 Qc5 20. Qd3 Re5 21.
Qxd6 Rxf5 22. Qxc5 Rxc5 23. Rd4 Re8 24. b4 Rf5 25. Bg2 Kf8 26. h3 Rfe5 27. Rb1
Re1+ 28. Rxe1 Rxe1+ 29. Bf1 axb4 30. axb4 Ke7 31. Kg2 Rb1 32. b5 Rb2 33. Kf3
Rb3+ 34. Kg2 c5 35. Rd2 Rc3 36. Ra2 Kd6 37. Ra7 Kc7 38. Ra8 Nd7 39. Rh8 Ne5 40.
Rxh7 g6 41. h4 Kb6 42. Be2 Rc2 43. Kf1 Rc1+ 1/2-1/2

[Event "MCR mladeze, Kouty 2018 - FIDE Open"]
[Site "Kouty nad Desnou"]
[Date "2018.03.10"]
[Round "1"]
[White "Kabelka, Ondrej"]
[Black "Hosnedl, Matyas"]
[Result "1-0"]
[WhiteElo "2050"]
[BlackElo "1805"]
[PlyCount "51"]
[EventDate "2018.03.10"]

1. d4 Nf6 2. c4 g6 3. g3 Bg7 4. Bg2 c5 5. d5 d6 6. Nc3 O-O 7. Nf3 Na6 8. O-O
Nc7 9. h3 Bd7 10. a4 b6 11. e4 a6 12. Qe2 Rb8 13. e5 Nfe8 14. Bf4 b5 15. axb5
axb5 16. b3 h6 17. g4 Bc8 18. Rfe1 e6 19. Rad1 bxc4 20. bxc4 exd5 21. cxd5 dxe5
22. Nxe5 Bxe5 23. Qxe5 Kh7 24. d6 Ne6 25. d7 Bxd7 26. Qxb8 1-0

[Event "MCR mladeze, Kouty 2018 - FIDE Open"]
[Site "Kouty nad Desnou"]
[Date "2018.03.10"]
[Round "1"]
[White "Pavlicek, Lukas"]
[Black "Bares, Jachym"]
[Result "1-0"]
[WhiteElo "1790"]
[BlackElo "2040"]
[PlyCount "99"]
[EventDate "2018.03.10"]

1. c4 Nf6 2. Nc3 g6 3. g3 d5 4. cxd5 Nxd5 5. Bg2 Nxc3 6. bxc3 Bg7 7. Rb1 c6 8.
Nf3 O-O 9. O-O Qc7 10. Qc2 c5 11. d3 Nc6 12. Bb2 Be6 13. a3 Rac8 14. Rbc1 Rfd8
15. Rfd1 Qb6 16. Nd2 Na5 17. Rb1 Qa6 18. c4 Rc7 19. Bxg7 Kxg7 20. Nb3 Nxb3 21.
Qxb3 b6 22. Ra1 Kg8 23. a4 Qa5 24. Rdc1 Bd7 25. Qc3 Qxc3 26. Rxc3 Bc6 27. Bxc6
Rxc6 28. Rb3 Rb8 29. a5 Kf8 30. Rab1 Ke8 31. Kf1 Kd7 32. Ke1 Rd6 33. Kd2 Kc6
34. Kc3 Rd7 35. e3 Rbd8 36. Kc2 bxa5 37. Ra1 Rb7 38. Rxb7 Kxb7 39. Rxa5 Kb6 40.
Rb5+ Kc6 41. Kc3 e5 42. f4 f6 43. Ra5 Kb6 44. Ra2 exf4 45. gxf4 Re8 46. e4 Rf8
47. Re2 g5 48. fxg5 fxg5 49. e5 Kc6 50. Ra2 1-0

[Event "MCR mladeze, Kouty 2018 - FIDE Open"]
[Site "Kouty nad Desnou"]
[Date "2018.03.10"]
[Round "1"]
[White "Bochnicka, Vladimir"]
[Black "Klubal, Jiri"]
[Result "1/2-1/2"]
[WhiteElo "2024"]
[BlackElo "1785"]
[PlyCount "78"]
[EventDate "2018.03.10"]

1. e4 c5 2. Nf3 e6 3. c3 d5 4. exd5 Qxd5 5. d4 Nf6 6. Be3 cxd4 7. cxd4 a6 8.
Nc3 Qd6 9. Bd3 Nc6 10. O-O Be7 11. Rc1 Nb4 12. Bb1 O-O 13. Ng5 g6 14. Nce4 Nxe4
15. Nxe4 Qd8 16. Bh6 Re8 17. Re1 Nd5 18. Qf3 Nf6 19. Red1 Nd5 20. Nc3 Nxc3 21.
Rxc3 Bg5 22. Bxg5 Qxg5 23. Rc7 Rf8 24. h3 Qd8 25. Rc5 Rb8 26. d5 b6 27. Rcc1
Bb7 28. Be4 f5 29. Bd3 Bxd5 30. Qe2 b5 31. b3 Rc8 32. Qe3 Qa5 33. Bb1 Rfe8 34.
Rxc8 Rxc8 35. Rxd5 exd5 36. Qe6+ Kg7 37. Qd7+ Kh6 38. Qxc8 Qe1+ 39. Kh2 Qxb1
1/2-1/2

[Event "MCR mladeze, Kouty 2018 - FIDE Open"]
[Site "Kouty nad Desnou"]
[Date "2018.03.10"]
[Round "1"]
[White "Novotna, Tereza"]
[Black "Otruba, Marek"]
[Result "1-0"]
[WhiteElo "1734"]
[BlackElo "2003"]
[PlyCount "99"]
[EventDate "2018.03.10"]

1. d4 Nf6 2. Nf3 c5 3. d5 g6 4. Nc3 d6 5. e4 Bg7 6. Be2 O-O 7. O-O b6 8. Nd2
Na6 9. Re1 Nc7 10. a4 a6 11. Nc4 Rb8 12. Bf3 Nd7 13. Bf4 b5 14. axb5 axb5 15.
Na5 Bb7 16. Be2 Ba8 17. Qd2 Ne5 18. Bh6 b4 19. Nd1 Nb5 20. Bxg7 Kxg7 21. f4 Nd7
22. Bd3 Nd4 23. Re3 e6 24. dxe6 fxe6 25. Rh3 Qe7 26. c3 bxc3 27. bxc3 Nb3 28.
Nxb3 Rxb3 29. Bc2 Rbb8 30. Nf2 d5 31. exd5 exd5 32. Re1 Qf7 33. f5 gxf5 34.
Ree3 Rb6 35. Reg3+ Kh8 36. Nd3 Rg6 37. Nf4 Rxg3 38. Rxg3 Rg8 39. Rxg8+ Kxg8 40.
Qe3 Bc6 41. Ne6 Qf6 42. Nxc5 Ne5 43. Nb3 Ng4 44. Qg3 Kf7 45. Qc7+ Kg6 46. Nd4
Be8 47. Bxf5+ Kg5 48. Qxh7 Bg6 49. h4+ Kf4 50. Qxg6 1-0

[Event "MCR mladeze, Kouty 2018 - FIDE Open"]
[Site "Kouty nad Desnou"]
[Date "2018.03.10"]
[Round "1"]
[White "Sandor, Martin"]
[Black "Jirousek, Jan"]
[Result "1/2-1/2"]
[WhiteElo "1970"]
[BlackElo "1733"]
[PlyCount "62"]
[EventDate "2018.03.10"]

1. e4 c6 2. d4 d5 3. Nc3 dxe4 4. Nxe4 Nf6 5. Nxf6+ exf6 6. Bf4 Bd6 7. Qd2 Bxf4
8. Qxf4 Qe7+ 9. Qe3 Qxe3+ 10. fxe3 O-O 11. Bd3 Nd7 12. Nf3 Nb6 13. c4 Be6 14.
b3 Rfe8 15. Kf2 Bg4 16. Rhe1 Bxf3 17. gxf3 Rad8 18. Rad1 g6 19. Bc2 f5 20. Rg1
Kf8 21. h4 h5 22. Rge1 Nd7 23. Re2 Nf6 24. Red2 Rc8 25. Bd3 a6 26. a4 Re7 27.
Re2 Rce8 28. Rde1 Rd8 29. Bc2 a5 30. Rb1 Red7 31. Rd1 b6 1/2-1/2

[Event "MCR mladeze, Kouty 2018 - FIDE Open"]
[Site "Kouty nad Desnou"]
[Date "2018.03.10"]
[Round "1"]
[White "Vondra, Ales"]
[Black "Rolinek, Dominik"]
[Result "0-1"]
[WhiteElo "1716"]
[BlackElo "1950"]
[PlyCount "69"]
[EventDate "2018.03.10"]

1. d4 d5 2. Bf4 Nf6 3. e3 e6 4. Nd2 Be7 5. Bd3 c5 6. c3 Nc6 7. Ngf3 Nh5 8. Bg3
Nxg3 9. hxg3 h6 10. Ne5 Nxe5 11. dxe5 Bd7 12. Nf3 Qb6 13. Qc2 Bb5 14. Rb1 Bxd3
15. Qxd3 Qa5 16. a3 b5 17. O-O O-O 18. Rfd1 Rab8 19. Ra1 Qc7 20. Rac1 a5 21.
Rc2 c4 22. Qd4 b4 23. axb4 axb4 24. Ra1 Bc5 25. Qf4 Ra8 26. Rcc1 Ra7 27. Nd4
Rfa8 28. Rab1 Bxd4 29. exd4 Rb8 30. b3 bxc3 31. Rxc3 Rab7 32. Qe3 Qa5 33. Qc1
Rxb3 34. Rcxb3 Rxb3 35. Rxb3 0-1

[Event "MCR mladeze, Kouty 2018 - FIDE Open"]
[Site "Kouty nad Desnou"]
[Date "2018.03.10"]
[Round "1"]
[White "Vlkova, Anezka"]
[Black "Homolkova, Ivana"]
[Result "1-0"]
[WhiteElo "1933"]
[BlackElo "1710"]
[PlyCount "21"]
[EventDate "2018.03.10"]

1. e4 Nf6 2. e5 Nd5 3. d4 d6 4. c4 Nb6 5. f4 Bg4 6. Qxg4 Nc6 7. Nf3 e6 8. Be3
g6 9. a3 d5 10. c5 Nc4 11. Bxc4 1-0

[Event "MCR mladeze, Kouty 2018 - FIDE Open"]
[Site "Kouty nad Desnou"]
[Date "2018.03.10"]
[Round "1"]
[White "Jirousek, Tadeas"]
[Black "Kotva, Milan"]
[Result "1-0"]
[WhiteElo "1672"]
[BlackElo "1917"]
[PlyCount "50"]
[EventDate "2018.03.10"]

1. e4 e5 2. Nf3 Nc6 3. d4 exd4 4. Nxd4 Qf6 5. Be3 Bc5 6. c3 Nge7 7. Bc4 O-O 8.
O-O Ne5 9. Be2 d5 10. Nd2 Bxd4 11. cxd4 N5g6 12. e5 Qb6 13. Nb3 a5 14. Qd2 Nf5
15. Bf3 Be6 16. Rac1 Rac8 17. Rc5 a4 18. Nc1 Nxe3 19. fxe3 c6 20. Nd3 Bf5 21.
Bxd5 Ne7 22. Bxf7+ Kxf7 23. g4 g6 24. e4 Qd8 25. Qe3 b6 {necitelny zapis} 1-0

[Event "MCR mladeze, Kouty 2018 - FIDE Open"]
[Site "Kouty nad Desnou"]
[Date "2018.03.10"]
[Round "1"]
[White "Vraj, Karel"]
[Black "Tumova, Anna"]
[Result "1-0"]
[WhiteElo "1914"]
[BlackElo "1667"]
[PlyCount "64"]
[EventDate "2018.03.10"]

1. e4 e6 2. Nc3 d5 3. g3 Nf6 4. Bg2 Bb4 5. e5 Nfd7 6. f4 c5 7. Nge2 f6 8. a3
Ba5 9. exf6 Nxf6 10. O-O O-O 11. Kh1 Nc6 12. d4 c4 13. h3 Qe8 14. Kh2 Qg6 15.
f5 Qh5 16. Bf3 Qxf5 17. Nf4 Nxd4 18. Qxd4 e5 19. Bxd5+ Kh8 20. Qc5 Bd7 21. g4
Qxc2+ 22. Rf2 Qb3 23. Qxa5 exf4 24. Qb4 Qxb4 25. axb4 Bxg4 26. hxg4 Nxg4+ 27.
Kg2 Nxf2 28. Kxf2 g5 29. Bd2 Kg7 30. Ne4 Kg6 31. Nc5 Rad8 32. Be4+ Kf6 1-0

[Event "MCR mladeze, Kouty 2018 - FIDE Open"]
[Site "Kouty nad Desnou"]
[Date "2018.03.10"]
[Round "1"]
[White "Jerabkova, Julia"]
[Black "Krupa, Miroslav"]
[Result "0-1"]
[WhiteElo "1603"]
[BlackElo "1906"]
[PlyCount "120"]
[EventDate "2018.03.10"]

1. d4 d5 2. c4 e6 3. Nc3 Nf6 4. cxd5 exd5 5. Bg5 Be7 6. e3 O-O 7. Bd3 c6 8.
Nge2 Nbd7 9. O-O Re8 10. Qc2 Nf8 11. f3 Ng6 12. Rae1 Be6 13. e4 dxe4 14. fxe4
Qd7 15. Rd1 Qc7 16. e5 Nd5 17. Nxd5 Bxd5 18. Be3 Rac8 19. Bc4 Bxc4 20. Qxc4 Bf8
21. b4 Qd7 22. a3 Qe6 23. Qxe6 Rxe6 24. Rf3 b6 25. Rdf1 Rc7 26. Nf4 Nxf4 27.
Bxf4 Rd7 28. Rd3 Rd5 29. Rc1 h6 30. Kf2 g5 31. Bg3 c5 32. Rc4 b5 33. Rxc5 Bxc5
34. bxc5 Ra6 35. Ke3 Ra4 36. Be1 Rc4 37. Ba5 Rd7 38. h3 Kf8 39. Bb4 Ke8 40. Ke4
a5 41. Bxa5 Ke7 42. Bb4 Ke6 43. g4 Rd5 44. Rc3 Rdxd4+ 45. Ke3 Kxe5 46. Rxc4
Rxc4 47. Bd2 Rxc5 48. Bb4 Rc1 49. Kf3 f5 50. Bf8 Rc3+ 51. Kg2 Rc8 52. Bg7+ Kf4
53. gxf5 Kxf5 54. Kf3 h5 55. Bd4 Rc4 56. Bb2 Rc2 57. Bd4 h4 58. Bb6 Rh2 59. Bd8
Rxh3+ 60. Kg2 Rb3 0-1

[Event "MCR mladeze, Kouty 2018 - FIDE Open"]
[Site "Kouty nad Desnou"]
[Date "2018.03.11"]
[Round "2"]
[White "Eret, Jonas"]
[Black "Vlkova, Anezka"]
[Result "1-0"]
[WhiteElo "2228"]
[BlackElo "1933"]
[EventDate "2018.03.10"]

1. b3  Nf6  2. Bb2  e6
3. e3  b6  4. f4
Bb7  5. Nf3  c5
6. Be2  Nc6  7. O-O  Be7
8. a3  Qc7  9. Ne5
Rd8  10. Qe1  d6
11. Ng4  Nxg4  12. Bxg4
Bf6  13. Nc3  d5
14. Bf3  a6  15. Rd1
b5  16. Ba1  b4
17. Na4  Bxa1  18. Rxa1  Qd6
19. axb4  cxb4  20. d4
Qc7  21. Nc5  Ra8
22. Be2  a5  23. Qh4
Nb8  24. Qh5  Bc8
25. Bb5+  Nc6  26. Qe5
Qb6  27. Qxg7  Rf8
28. Ba4  Ba6  29. Bxc6+
Qxc6  30. Rf2  Bb5
31. f5  1-0

[Event "MCR mladeze, Kouty 2018 - FIDE Open"]
[Site "Kouty nad Desnou"]
[Date "2018.03.11"]
[Round "2"]
[White "Vraj, Karel"]
[Black "Sikorova, Olga"]
[Result "1/2-1/2"]
[WhiteElo "1914"]
[BlackElo "2222"]
[EventDate "2018.03.10"]

1. e4  e6  2. Nc3  d5
3. g3  d4  4. Nce2
c5  5. d3  e5
6. Bg2  Nc6  7. f4  f6
8. Nf3  Bd7  9. O-O
Qc8  10. b3  Be7
11. c4  g6  12. Bd2
h5  13. Nh4  Kf7
14. Nf3  Kg7  15. Qc1
Bg4  16. Rf2  Qd7
17. Qb2  Nh6  18. Raf1
Raf8  19. Qc1  Bxf3
20. Rxf3  h4  21. f5
gxf5  22. Bh3  Qe8
23. Bxh6+  Rxh6  24. Bxf5
Rfh8  25. g4  Nd8
26. h3  1/2-1/2

[Event "MCR mladeze, Kouty 2018 - FIDE Open"]
[Site "Kouty nad Desnou"]
[Date "2018.03.11"]
[Round "2"]
[White "Safarik, Jakub"]
[Black "Pavlicek, Lukas"]
[Result "1-0"]
[WhiteElo "2186"]
[BlackElo "1790"]
[EventDate "2018.03.10"]

1. d4  Nf6  2. Nf3  g6
3. c4  Bg7  4. Nc3
O-O  5. e4  d6
6. Be2  e5  7. O-O  c6
8. Re1  exd4  9. Nxd4
Re8  10. Bf1  Na6
11. Nb3  Be6  12. Bg5
h6  13. Bh4  g5
14. Bg3  d5  15. cxd5  cxd5
16. e5  Ne4  17. Nxe4
dxe4  18. Qxd8  Raxd8
19. Rxe4  Bf5  20. Rd4
Rc8  21. Rd6  Nc5
22. Nd4  Bg6  23. Bb5
Re7  24. f3  Bxe5
25. Bxe5  Rxe5  26. Rc1
Rc7  27. Kf1  Nd3
28. Rb1  Rce7  29. Rxg6+
fxg6  30. Bxd3  Rd7
31. Bc4+  Kg7  32. Rd1
Kf6  33. Bb3  Rc5
34. Kf2  Rd6  35. Ke3
Ke5  36. Ne2  Rxd1
37. Bxd1  b5  38. b4
Rc4  39. a3  Rc6
40. Bb3  Ra6  41. Nc1
Rxa3  42. Nd3+  Kd6
43. Bf7  a5  44. bxa5
Rxa5  45. Bxg6  Ra2
46. Nf2  b4  47. g3
b3  48. Ne4+  Ke7
49. h4  b2  50. Nc3
Ra3  51. Kd4  Rb3
52. f4  gxf4  53. gxf4
Kf6  54. Bb1  Rb8
55. Nd5+  Kf7  56. Kc3
Ke6  57. Ne3  Kd6
58. Nf5+  Ke6  59. Ne3
Kd6  60. Nc4+  Kd5
61. Nxb2  Rf8  62. f5
Ke5  63. Nc4+  Kf4
64. Nd6  Ke5  65. Nc4+
Kf4  66. Kd4  Rxf5
67. Bxf5  Kxf5  68. Ne3+
Kf4  69. Ng2+  Kg3
70. Ke5  Kg4  71. Kf6
1-0

[Event "MCR mladeze, Kouty 2018 - FIDE Open"]
[Site "Kouty nad Desnou"]
[Date "2018.03.11"]
[Round "2"]
[White "Krupa, Miroslav"]
[Black "Vystrcil, Martin"]
[Result "1/2-1/2"]
[WhiteElo "1906"]
[BlackElo "2146"]
[EventDate "2018.03.10"]

1. d4  Nf6  2. Bf4  g6
3. Nc3  d5  4. e3
Bg7  5. Nf3  Bg4
6. h3  Bxf3  7. Qxf3
c6  8. Bd3  Nbd7
9. O-O-O  O-O  10. g4
Re8  11. Qg3  Rc8
12. h4  c5  13. h5
cxd4  14. exd4  Qa5
15. hxg6  fxg6  16. Qh3
Rxc3  17. bxc3  Qxc3
18. g5  Qa1+  19. Kd2
Qxd4  20. Be3  Ne4+
21. Ke2  Nc3+  22. Kd2
Ne4+  23. Ke2  Nc3+
24. Kd2  1/2-1/2

[Event "MCR mladeze, Kouty 2018 - FIDE Open"]
[Site "Kouty nad Desnou"]
[Date "2018.03.11"]
[Round "2"]
[White "Holasek, Pavel"]
[Black "Novotna, Tereza"]
[Result "1/2-1/2"]
[WhiteElo "2127"]
[BlackElo "1734"]
[EventDate "2018.03.10"]

1. d4  Nf6  2. c4  g6
3. Nc3  Bg7  4. e4
O-O  5. Be2  d6
6. Bg5  h6  7. Be3  Nbd7
8. Qd2  c5  9. d5
Kh7  10. h4  b5
11. cxb5  Qa5 12. g4  h5  13.
gxh5  Nxh5 14. Nh3  Ndf6  15.
Ng5+  Kg8  16. Rg1  a6
17. b6  Rb8  18. f4
Rxb6  19. e5  Nh7
20. Bxh5  gxh5  21. Nxh7
Kxh7  22. Qc2+  Kh8
23. f5  Bxe5  24. Bd2
Qb4  25. Rb1  Qxh4+
26. Kd1  Bd4  27. Rf1
Rg8  28. Qd3  Rg3
29. Qe2  Qg4  30. Rh1
Qxe2+  31. Kxe2  Kg7
32. Rxh5  Rg2+  33. Kd3
Rg3+  34. Kc2  Rg2
35. Ne4  Rb4  36. a3
Rb8  37. b3  Rg4
38. Re1  Bd7  39. Re2
Rh8  40. Rg5+  Rxg5
41. Bxg5  f6  42. Be3
Bxe3  43. Rxe3  Bxf5
44. Kc3  Bxe4  45. Rxe4
Kf7  46. Ra4  Rh3+
47. Kc2  Rh2+  48. Kc3
Rh3+  49. Kc2  Rh2+
50. Kc3  Rh3+  1/2-1/2

[Event "MCR mladeze, Kouty 2018 - FIDE Open"]
[Site "Kouty nad Desnou"]
[Date "2018.03.11"]
[Round "2"]
[White "Londin, Simon"]
[Black "Kabelka, Ondrej"]
[Result "1-0"]
[WhiteElo "1848"]
[BlackElo "2050"]
[EventDate "2018.03.10"]

1. d4  d5  2. c4  e6
3. Nc3  Bb4  4. Nf3
dxc4  5. e4  b5
6. Bd2  c6  7. a4  a5
8. d5  Ba6  9. dxc6
Bxc3  10. Bxc3  Qxd1+
11. Rxd1  Nf6  12. c7
Nbd7  13. axb5  Bxb5
14. b3  O-O  15. Bxf6
Nxf6  16. e5  Ne4
17. Nd4  Ba6  18. Bxc4
Bxc4  19. bxc4  Rfc8
20. Nb5  Nc5  21. O-O
a4  22. Rd6  Nb7
23. Rfd1  g5  24. c5
a3  25. c6  Nxd6
26. exd6  a2  27. Ra1
Kg7  28. h3  Ra5
29. d7  Rxb5  30. dxc8=Q
Rb1+  31. Kh2  Rxa1
32. Qa6  Rh1+  33. Kxh1
1-0

[Event "MCR mladeze, Kouty 2018 - FIDE Open"]
[Site "Kouty nad Desnou"]
[Date "2018.03.12"]
[Round "3"]
[White "Rolinek, Dominik"]
[Black "Eret, Jonas"]
[Result "1/2-1/2"]
[WhiteElo "1950"]
[BlackElo "2228"]
[EventDate "2018.03.10"]

1. d4  d6  2. Nf3  Nf6
3. Nc3  Nbd7  4. e4
e5  5. Bc4  Be7
6. O-O  O-O  7. Re1  c6
8. a4  a5  9. h3
Qc7  10. Be3  exd4
11. Bxd4  Ne5  12. Bb3
Nfd7  13. Nd2  Nc5
14. f4  Nxb3  15. Nxb3
Ng6  16. Qf3  f5
17. e5  dxe5  18. fxe5
Be6  19. Nc5  Qc8
20. Rad1  Nh4  21. Qf2
f4  22. Nxe6  Qxe6
23. Ne4  Qh6  24. Rd3
Nf5  25. Rf1  Qg6
26. Qe2  Ne3  27. Bxe3
Qxe4  28. Qg4  Qxe5
29. Rxf4  Rxf4  30. Bxf4
1/2-1/2

[Event "MCR mladeze, Kouty 2018 - FIDE Open"]
[Site "Kouty nad Desnou"]
[Date "2018.03.12"]
[Round "3"]
[White "Londin, Simon"]
[Black "Safarik, Jakub"]
[Result "0-1"]
[WhiteElo "1848"]
[BlackElo "2186"]
[EventDate "2018.03.10"]

1. d4  Nf6  2. c4  c5
3. d5  b5  4. cxb5
a6  5. bxa6  Bxa6
6. Nc3  g6  7. e4
Bxf1  8. Kxf1  d6
9. g3  Bg7  10. Kg2
O-O  11. Nf3  Nbd7
12. Re1  Ra6  13. Qc2
Qa8  14. a4  Rb8
15. Ra3  e6  16. Nb5
Qb7  17. Bf4  exd5
18. e5  dxe5  19. Nxe5
Nxe5  20. Bxe5  Re6
21. Raa1  d4+  22. Kg1
Qe7  23. Bxb8  Rxe1+
24. Rxe1  Qxe1+  25. Kg2
Ne4  26. Bf4  c4
27. Qxc4  Qxf2+  28. Kh1
Qf3+  29. Kg1  d3
30. Qc1  Qf2+  31. Kh1
d2  32. Bxd2  Nxd2
33. h4  Nf3  0-1

[Event "MCR mladeze, Kouty 2018 - FIDE Open"]
[Site "Kouty nad Desnou"]
[Date "2018.03.12"]
[Round "3"]
[White "Sikorova, Olga"]
[Black "Krupa, Miroslav"]
[Result "1-0"]
[WhiteElo "2222"]
[BlackElo "1906"]
[EventDate "2018.03.10"]

1. c4  e5  2. g3  Nf6
3. Bg2  c6  4. b3
d5  5. Bb2  Bd6
6. d3  O-O  7. Nd2  Re8
8. e4  Bc5  9. h3
dxe4  10. dxe4  Qd3
11. Bf1  Qd6  12. Ngf3
Bf5  13. Qc2  Bg6
14. Bg2  Na6  15. a3
Rad8  16. O-O  Qd3
17. Qxd3  Rxd3  18. Rfe1
Red8  19. Re2  Bd6
20. Ne1  Rxd2  21. Rxd2
Bxe4  22. Rad1  1-0

[Event "MCR mladeze, Kouty 2018 - FIDE Open"]
[Site "Kouty nad Desnou"]
[Date "2018.03.12"]
[Round "3"]
[White "Vystrcil, Martin"]
[Black "Holasek, Pavel"]
[Result "0-1"]
[WhiteElo "2146"]
[BlackElo "2127"]
[EventDate "2018.03.10"]

1. e4  e5  2. Nf3  Nc6
3. d4  exd4  4. Bc4
Nf6  5. O-O  Nxe4
6. Re1  d5  7. Bxd5
Qxd5  8. Nc3  Qa5
9. Nxe4  Be6  10. Bg5
h6  11. Bh4  g5
12. Nf6+  Ke7  13. Bg3  Kxf6
14. Nxd4  Bd6  15. Qf3+
Kg7  16. Nxe6+  fxe6
17. Rxe6  Raf8  18. Qd3
Qf5  19. Qc3+  Kh7
20. Rd1  Qxe6  0-1

[Event "MCR mladeze, Kouty 2018 - FIDE Open"]
[Site "Kouty nad Desnou"]
[Date "2018.03.12"]
[Round "3"]
[White "Novotna, Tereza"]
[Black "Vraj, Karel"]
[Result "1-0"]
[WhiteElo "1734"]
[BlackElo "1914"]
[EventDate "2018.03.10"]

1. d4  g6  2. Nf3  Bg7
3. Bf4  d6  4. e3
Nd7  5. h3  c5
6. c3  Ngf6  7. Be2  O-O
8. O-O  b6  9. a4
Bb7  10. Nbd2  a6
11. Qb3  Rc8  12. Rac1
e5  13. Bh2  e4
14. Ne1  cxd4  15. exd4  Bh6
16. Rd1  Qe7  17. Qa3
Rc6  18. Nc4  Ne8
19. Ne5  Rc8  20. Nc4
Rxc4  21. Bxc4  e3
22. fxe3  Qxe3+  23. Rf2
Nef6  24. Nc2  Qg5
25. Bf4  Qh5  26. Be2
Qh4  27. g3  Qxh3
28. Rh2  Qf5  29. Ne3
Qe4  30. Bxh6  Re8
31. Qxd6  Bc6  32. Qf4
Qe7  33. Bg5  Qe6
34. Bc4  1-0

[Event "MCR mladeze, Kouty 2018 - FIDE Open"]
[Site "Kouty nad Desnou"]
[Date "2018.03.12"]
[Round "3"]
[White "Kanka, Matej"]
[Black "Pycha, Patrik"]
[Result "1/2-1/2"]
[WhiteElo "1884"]
[BlackElo "2119"]
[EventDate "2018.03.10"]

1. d4  Nf6  2. Nf3  e6
3. e3  d5  4. Bd3
Bd6  5. O-O  Nbd7
6. Nbd2  O-O  7. e4
dxe4  8. Nxe4  Nxe4
9. Bxe4  Nf6  10. Bd3
b6  11. Bg5  Bb7
12. c3  Be7  13. Ne5
Nd5  14. Bd2  Nf6
15. Bg5  c5  16. dxc5
Qd5  17. c6  Qxe5
18. Bxf6  Qxf6  1/2-1/2

[Event "MCR mladeze, Kouty 2018 - FIDE Open"]
[Site "Kouty nad Desnou"]
[Date "2018.03.12"]
[Round "3"]
[White "Kabelka, Ondrej"]
[Black "Rolinek, Frantisek"]
[Result "1-0"]
[WhiteElo "2050"]
[BlackElo "1864"]
[PlyCount "47"]
[EventDate "2018.03.10"]

1. d4 Nf6 2. g3 d5 3. Bg2 e6 4. c4 c5 5. cxd5 exd5 6. Nf3 Nc6 7. O-O Be7 8. Nc3
O-O 9. h3 Be6 10. dxc5 Bxc5 11. Na4 Bxf2+ 12. Rxf2 Ne4 13. Bf4 Nxf2 14. Kxf2 h6
15. Nd4 g5 16. Nxc6 bxc6 17. Be5 Qa5 18. Rc1 d4 19. Bxd4 Qf5+ 20. Kg1 Rad8 21.
Nc5 Bd5 22. e4 Bxe4 23. Nxe4 f6 24. Qb3+ 1-0

[Event "MCR mladeze, Kouty 2018 - FIDE Open"]
[Site "Kouty nad Desnou"]
[Date "2018.03.12"]
[Round "3"]
[White "Bochnicka, Vladimir"]
[Black "Ptacek, Jan"]
[Result "1-0"]
[WhiteElo "2024"]
[BlackElo "1856"]
[PlyCount "81"]
[EventDate "2018.03.10"]

1. e4 c5 2. Nf3 d6 3. d4 cxd4 4. Nxd4 Nf6 5. Nc3 a6 6. Be3 e6 7. f3 b5 8. Qd2
Bb7 9. O-O-O Nbd7 10. Kb1 Rc8 11. g4 Nb6 12. g5 Nfd7 13. Qf2 Rxc3 14. bxc3 Na4
15. Bd2 Qc7 16. Qe1 Ne5 17. Ka1 g6 18. f4 Nc4 19. Bxc4 Qxc4 20. Rb1 Bg7 21. Rb4
Qc7 22. Rf1 O-O 23. f5 exf5 24. exf5 gxf5 25. Rxf5 Bc8 26. Rf3 Bd7 27. Qe7 Qc8
28. Qxd6 a5 29. Rb3 Bg4 30. Re3 Rd8 31. Qf4 b4 32. Re7 Bh5 33. Rc7 Qa8 34. Nf5
bxc3 35. Bc1 Rd1 36. Nxg7 Kxg7 37. Rbb7 Qf8 38. Rd7 Rxd7 39. Rxd7 Nc5 40. Qf6+
Kg8 41. Rd8 1-0

[Event "MCR mladeze, Kouty 2018 - FIDE Open"]
[Site "Kouty nad Desnou"]
[Date "2018.03.12"]
[Round "3"]
[White "Sandor, Martin"]
[Black "Klubal, Jiri"]
[Result "1-0"]
[WhiteElo "1970"]
[BlackElo "1785"]
[PlyCount "145"]
[EventDate "2018.03.10"]

1. e4 c5 2. Nf3 e6 3. d4 cxd4 4. Nxd4 a6 5. Nc3 Qc7 6. Bd3 Nf6 7. Qe2 d6 8. f4
Be7 9. Bd2 Nbd7 10. g4 Nc5 11. g5 Nfd7 12. h4 b5 13. a3 Bb7 14. b4 Nxd3+ 15.
cxd3 Nb6 16. Rc1 Qd8 17. Be3 Rc8 18. Qf2 Nd7 19. h5 Nb8 20. Kd2 Nc6 21. Nce2
Nxd4 22. Nxd4 Rxc1 23. Rxc1 Qd7 24. Qg3 Bd8 25. Nf3 f6 26. Nd4 fxg5 27. f5 e5
28. Ne6 h6 29. Ke2 Kf7 30. Qe1 Re8 31. Qc3 Rxe6 32. fxe6+ Qxe6 33. Rf1+ Kg8 34.
Ke1 Qa2 35. Rf2 Qe6 36. Qc2 a5 37. Qd2 a4 38. Qc2 Ba8 39. Rf5 g6 40. hxg6 Kg7
41. Qd1 Qxg6 42. Qc2 Bb7 43. Qf2 Qe8 44. Kd2 Be7 45. Qf3 Bc8 46. Ke2 Bxf5 47.
Qxf5 Qf7 48. Qd7 h5 49. Qxb5 g4 50. Qxa4 Qf3+ 51. Kd2 g3 52. Qd7 Kf6 53. Qh3
Kf7 54. b5 Bd8 55. Qd7+ Be7 56. Qh3 Bd8 57. b6 Bxb6 58. Bxb6 Qf4+ 59. Be3 Qf3
60. a4 d5 61. exd5 Qxd5 62. Qxh5+ Ke7 63. Qh4+ Kd7 64. Qxg3 Qa2+ 65. Ke1 Qb1+
66. Ke2 Qc2+ 67. Bd2 Qxa4 68. Qxe5 Qg4+ 69. Kf2 Qd1 70. Qe2 Qh1 71. Qg4+ Kd8
72. Ba5+ Ke7 73. Qe4+ 1-0

[Event "MCR mladeze, Kouty 2018 - FIDE Open"]
[Site "Kouty nad Desnou"]
[Date "2018.03.12"]
[Round "3"]
[White "Vlkova, Anezka"]
[Black "Jirousek, Jan"]
[Result "1-0"]
[WhiteElo "1933"]
[BlackElo "1733"]
[PlyCount "187"]
[EventDate "2018.03.10"]

1. e4 c6 2. d4 d5 3. f3 dxe4 4. fxe4 e5 5. Nf3 exd4 6. Bc4 Nf6 7. O-O Nbd7 8.
c3 d3 9. Qxd3 Bc5+ 10. Kh1 O-O 11. Bg5 Qc7 12. Nbd2 Ng4 13. Qe2 h6 14. Bh4 Ne3
15. Bg3 Qd8 16. Rfc1 Nxc4 17. Nxc4 Nb6 18. Rd1 Qf6 19. Nce5 Be6 20. b4 Be7 21.
Rf1 g5 22. Nd4 Qg7 23. Nxe6 fxe6 24. Qg4 Rf6 25. Nf3 Rg6 26. Be5 Bf6 27. Qxe6+
Kh8 28. Bxf6 Rxf6 29. Qb3 Raf8 30. Kg1 Rf4 31. Rae1 Qe7 32. Nd2 Rxf1+ 33. Nxf1
Qf6 34. Qc2 Nc4 35. Ng3 Qe5 36. Qd3 Qe6 37. Qd4+ Qf6 38. Nf5 Qxd4+ 39. cxd4 Kh7
40. Re2 a6 41. a4 b5 42. axb5 axb5 43. Ra2 Re8 44. Ra7+ Kg6 45. Ne7+ Kf6 46.
e5+ Ke6 47. Nxc6 Kd5 48. Rc7 Rf8 49. Na7 Ne3 50. Rc1 Kxd4 51. Nxb5+ Kxe5 52.
Re1 Ke4 53. Nd6+ Kd4 54. b5 Rf6 55. Nc8 Nd5 56. Rc1 Nb6 57. Nxb6 Rxb6 58. Rb1
Kd3 59. Rb3+ Kc4 60. Rb1 Kd3 61. Kf2 Kc2 62. Ra1 Rxb5 63. Ra6 h5 64. Rh6 g4 65.
Rd6 Re5 66. Kg3 Kc3 67. h3 gxh3 68. Kxh3 Rg5 69. g3 Kc4 70. Ra6 Kb4 71. Rf6 Kc4
72. Rf4+ Kd5 73. Kh4 Re5 74. Ra4 Ke6 75. Ra6+ Kf7 76. Rh6 Kg7 77. Rxh5 Re1 78.
Ra5 Rg1 79. g4 Rh1+ 80. Kg5 Rg1 81. Ra7+ Kg8 82. Kf5 Rf1+ 83. Kg6 Kf8 84. g5
Rh1 85. Ra8+ Ke7 86. Kg7 Rg1 87. g6 Rh1 88. Kg8 Rg1 89. g7 Rh1 90. Ra4 Ke6 91.
Re4+ Kf5 92. Ra4 Kg6 93. Ra6+ Kh5 94. Kf7 1-0